Statistics for Names That Are English Words #4

Click here to take the quiz!

General Stats

  • This quiz has been taken 47 times
    (34 since last reset)
  • The average score is 15 of 61

Answer Stats

Peak yearPeak rankHintAnswer% Correct
2018723Black-whiteGrey
73%
201975Distance (pl.)Miles
70%
2019280HerbSage
70%
2013370RedScarlet
63%
200961PursueChase
63%
2019735Holy personSaint
60%
2019409HerbRosemary
60%
2000388TemperatureKelvin
57%
2019213FruitOlive
53%
2019193SaviorMessiah
50%
200630MessengerAngel
50%
2008504VegetableKale
50%
2005245RealmHeaven
50%
2019335SwimWade
47%
2017741RunDash
40%
2000188PicturedDrew
40%
201196OptimizeMax
37%
2000400AlcoholBrandy
33%
2000123AllowGrant
33%
2016824Realm (adj.)Heavenly
33%
2000828WearDon
30%
2013462PuncturePierce
30%
201919StealJack
30%
200548God natureTrinity
27%
2004662TeaseJosh
27%
2017620Family of godsTitan
23%
2007170Red-brownSienna
23%
2015988ClericBishop
20%
2019717CherishTreasure
17%
2002267OpenJimmy
17%
2018563Area (pl.)Ares
17%
2000584VomitRalph
17%
2000767DamageNick
17%
2018684FruitClementine
17%
2008272CakeMadeleine
17%
2001501AttackHarry
13%
2014420ClericDeacon
13%
200199CheeseColby
13%
2001416BuildingAbbey
13%
200079AssessMark
13%
2000125FadePeter
10%
2005167BullyHector
10%
2015176FlourGraham
10%
2009758Spiritual capitalKarma
10%
2000225WeightTroy
7%
201912InductanceHenry
7%
2006790RedCarmine
7%
2000111GreenKelly
7%
2000378AlcoholMargarita
7%
2019460PilgrimPalmer
3%
2000632FastenBrad
3%
20196CakeCharlotte
3%
20094CocktailAlexander
3%
2001298SauceAlfredo
3%
2004157HerbParis
0%
200657IllusionMaya
0%
2017936DevelopFoster
0%
200147HerbAngelica
0%
2007264SweetDulce
0%
200085MonasteryLaura
0%
200025Distance (genetics)Morgan
0%

Score Distribution

Percentile by Number Answered

Percent of People with Each Score

Your Score History

You have not taken this quiz since the last reset